000 00389nam a2200145Ia 4500
008 221030s9999 xx 000 0 und d
020 _a0070483118
041 _aEnglish
100 _aB. Govindarajalu
245 0 _aIBM PC & Clones : Hardware, Troubleshooting & Maintenance
_cby B. Govindarajalu
260 _bTMH
_aNew Delhi
_c2012
300 _a963
650 _aComputers
942 _cBK
999 _c15872
_d15872